LEADER 04844nam 22006135 450 001 9910254982803321 005 20251116161806.0 010 $a1-4471-7296-5 024 7 $a10.1007/978-1-4471-7296-3 035 $a(CKB)3710000000873007 035 $a(DE-He213)978-1-4471-7296-3 035 $a(MiAaPQ)EBC5587051 035 $a(Au-PeEL)EBL5587051 035 $a(OCoLC)1066180554 035 $a(PPN)195510186 035 $a(EXLCZ)993710000000873007 100 $a20160916d2016 u| 0 101 0 $aeng 135 $aurnn#008mamaa 181 $ctxt$2rdacontent 182 $cc$2rdamedia 183 $acr$2rdacarrier 200 10$aComputational Intelligence $eA Methodological Introduction /$fby Rudolf Kruse, Christian Borgelt, Christian Braune, Sanaz Mostaghim, Matthias Steinbrecher 205 $a2nd ed. 2016. 210 1$aLondon :$cSpringer London :$cImprint: Springer,$d2016. 215 $a1 online resource (XIII, 564 p. 255 illus.) 225 1 $aTexts in Computer Science,$x1868-095X 311 08$a1-4471-7294-9 327 $aIntroduction -- Part I: Neural Networks -- Introduction -- Threshold Logic Units -- General Neural Networks -- Multi-Layer Perceptrons -- Radial Basis Function Networks -- Self-Organizing Maps -- Hopfield Networks -- Recurrent Networks -- Mathematical Remarks for Neural Networks -- Part II: Evolutionary Algorithms -- Introduction to Evolutionary Algorithms -- Elements of Evolutionary Algorithms -- Fundamental Evolutionary Algorithms -- Computational Swarm Intelligence -- Part III: Fuzzy Systems -- Fuzzy Sets and Fuzzy Logic -- The Extension Principle -- Fuzzy Relations -- Similarity Relations -- Fuzzy Control -- Fuzzy Data Analysis -- Part IV: Bayes and Markov Networks -- Introduction to Bayes Networks -- Elements of Probability and Graph Theory -- Decompositions -- Evidence Propagation -- Learning Graphical Models -- Belief Revision -- Decision Graphs. 330 $aThis authoritative textbook provides a clear and logical introduction to the field, covering the fundamental concepts, algorithms and practical implementations behind efforts to develop systems that exhibit intelligent behavior in complex environments. This enhanced second edition to the definitive textbook on Computational Intelligence has been fully revised and expanded with new content on swarm intelligence, deep learning, fuzzy data analysis, and discrete decision graphs. Topics and features: Provides electronic supplementary material at an associated website, including module descriptions, lecture slides, exercises with solutions, and software tools Contains numerous classroom-tested examples and definitions throughout the text Presents useful insights into all that is necessary for the successful application of computational intelligence methods Explains the theoretical background underpinning proposed solutions to common problems Discusses in great detail the classical areas of artificial neural networks, fuzzy systems and evolutionary algorithms Reviews the latest developments in the field, covering such topics as ant colony optimization and probabilistic graphical models This accessible text is an essential reference for students of artificial intelligence and intelligent systems, and a valuable resource for all researchers and practitioners seeking a self-study primer on computational intelligence. Rudolf Kruse and Sanaz Mostaghim are professors at the Department of Computer Science of the Otto von Guericke University of Magdeburg, Germany. Christian Borgelt is a principal researcher, and Christian Braune is a research assistant at the same institution. Matthias Steinbrecher is with SAP SE, Potsdam, Germany. 410 0$aTexts in Computer Science,$x1868-095X 606 $aArtificial intelligence 606 $aEngineering mathematics 606 $aEngineering$xData processing 606 $aArtificial Intelligence 606 $aMathematical and Computational Engineering Applications 615 0$aArtificial intelligence. 615 0$aEngineering mathematics. 615 0$aEngineering$xData processing. 615 14$aArtificial Intelligence. 615 24$aMathematical and Computational Engineering Applications. 676 $a006.3 700 $aKruse$b Rudolf$4aut$4http://id.loc.gov/vocabulary/relators/aut$0102093 702 $aBorgelt$b Christian$4aut$4http://id.loc.gov/vocabulary/relators/aut 702 $aBraune$b Christian$4aut$4http://id.loc.gov/vocabulary/relators/aut 702 $aMostaghim$b Sanaz$4aut$4http://id.loc.gov/vocabulary/relators/aut 702 $aSteinbrecher$b Matthias$4aut$4http://id.loc.gov/vocabulary/relators/aut 801 0$bMiAaPQ 801 1$bMiAaPQ 801 2$bMiAaPQ 906 $aBOOK 912 $a9910254982803321 996 $aComputational Intelligence$92111553 997 $aUNINA LEADER 05049oas 2201777 a 450 001 9910145866103321 005 20251105213014.0 011 $a1872-9738 035 $a(DE-599)ZDB2008305-1 035 $a(DE-599)2008305-1 035 $a(OCoLC)39098352 035 $a(CONSER) 2003233376 035 $a(CKB)954925557470 035 $a(EXLCZ)99954925557470 100 $a19980511a19879999 sy a 101 0 $aeng 135 $aurmnu|||||||| 181 $ctxt$2rdacontent 182 $cc$2rdamedia 183 $acr$2rdacarrier 200 10$aNeurotoxicology and teratology 210 $aNew York, NY $cElsevier Science Pub. Co 300 $aRefereed/Peer-reviewed 300 $aSome issues also have distinctive titles. 311 08$a0892-0362 517 1 $aNeurotoxicology & teratology 606 $aBehavioral toxicology$vPeriodicals 606 $aNeurotoxicology$vPeriodicals 606 $aTeratology$vPeriodicals 606 $aDrugs$xSide effects 606 $aHuman behavior 606 $aNervous system$xDiseases 606 $aToxicology 606 $aNeurology 606 $aDrugs 606 $aDrug-Related Side Effects and Adverse Reactions 606 $aNervous System Diseases$xchemically induced 606 $aAbnormalities, Drug-Induced 606 $aBehavior$xdrug effects 606 $aNervous System$xdrug effects 606 $aBehavior 606 $aNervous System Diseases 606 $aToxicology 606 $aNeurology 606 $aPharmaceutical Preparations 606 $aPharmaceutical Preparations$xadverse effects 606 $aToxicologie du comportement$vPe?riodiques 606 $aNeurotoxicologie$vPe?riodiques 606 $aTe?ratologie$vPe?riodiques 606 $aMe?dicaments$xEffets secondaires 606 $aComportement humain 606 $aSyste?me nerveux$xMaladies 606 $aToxicologie 606 $aNeurologie 606 $aMe?dicaments 606 $ahuman behavior$2aat 606 $atoxicology$2aat 606 $aToxicology$2fast$3(OCoLC)fst01153364 606 $aNeurology$2fast$3(OCoLC)fst01036390 606 $aNervous system$xDiseases$2fast$3(OCoLC)fst01036098 606 $aHuman behavior$2fast$3(OCoLC)fst00962811 606 $aDrugs$xSide effects$2fast$3(OCoLC)fst00898912 606 $aDrugs$2fast$3(OCoLC)fst00898761 606 $aBehavioral toxicology$2fast$3(OCoLC)fst00829952 606 $aNeurotoxicology$2fast$3(OCoLC)fst01036560 606 $aTeratology$2fast$3(OCoLC)fst01147803 608 $aPeriodical. 608 $aPeriodicals.$2fast 615 0$aBehavioral toxicology 615 0$aNeurotoxicology 615 0$aTeratology 615 0$aDrugs$xSide effects. 615 0$aHuman behavior. 615 0$aNervous system$xDiseases. 615 0$aToxicology. 615 0$aNeurology. 615 0$aDrugs. 615 2$aDrug-Related Side Effects and Adverse Reactions. 615 2$aNervous System Diseases$xchemically induced. 615 2$aAbnormalities, Drug-Induced. 615 2$aBehavior$xdrug effects. 615 2$aNervous System$xdrug effects 615 2$aBehavior. 615 2$aNervous System Diseases. 615 2$aToxicology. 615 2$aNeurology. 615 2$aPharmaceutical Preparations. 615 2$aPharmaceutical Preparations$xadverse effects. 615 6$aToxicologie du comportement 615 6$aNeurotoxicologie 615 6$aTe?ratologie 615 6$aMe?dicaments$xEffets secondaires. 615 6$aComportement humain. 615 6$aSyste?me nerveux$xMaladies. 615 6$aToxicologie. 615 6$aNeurologie. 615 6$aMe?dicaments. 615 7$ahuman behavior. 615 7$atoxicology. 615 7$aToxicology. 615 7$aNeurology. 615 7$aNervous system$xDiseases. 615 7$aHuman behavior. 615 7$aDrugs$xSide effects. 615 7$aDrugs. 615 7$aBehavioral toxicology. 615 7$aNeurotoxicology. 615 7$aTeratology. 676 $a616 712 02$aBehavioral Toxicology Society 712 02$aNeurobehavioral Teratology Society 801 0$bOH1 801 1$bOH1 801 2$bOCL 801 2$bOCLCQ 801 2$bGUA 801 2$bOCLCQ 801 2$bU9S 801 2$bGUA 801 2$bOCLCQ 801 2$bLGG 801 2$bOCLCQ 801 2$bOCLCO 801 2$bOCLCQ 801 2$bOPELS 801 2$bOCLCF 801 2$bVT2 801 2$bSE4M6 801 2$bOCLCQ 801 2$bZ5A 801 2$bOCLCO 801 2$bOCLCA 801 2$bBUF 801 2$bFQM 801 2$bAU@ 801 2$bOCLCO 801 2$bWYU 801 2$bU3W 801 2$bOCLCO 801 2$bOCLCA 801 2$bOCLCQ 801 2$bOCLCO 801 2$bOCLCQ 801 2$bOCL 801 2$bUAB 801 2$bOCLCL 801 2$bOCLCQ 906 $aJOURNAL 912 $a9910145866103321 996 $aNeurotoxicology and teratology$91890566 997 $aUNINA